000
00216 a2200097 4500
001
57587
100
_a
245
_a
Islam aur jadeed science
260
_a
Lahore
_b
Minhaj ul Quran
_c
090
_c
35322
_d
35322
942
_a
NUST-CAE
_c
MONOGRAPH
_c
28139
999
_c
292660
_d
292660